Northern Europe Map Quiz - Statistics

General Stats
  • This quiz has been taken 610 times
  • The average score is 8 of 10
Answers on the Map
Answers color-coded by a green-red scale on the quiz's map according to % correct below.
 
Answer Stats
Answer % Correct
Denmark
85%
Ireland
85%
United Kingdom
85%
Finland
83%
Iceland
83%
Sweden
81%
Norway
80%
Estonia
75%
Lithuania
75%
Latvia
73%
No matching quizzes found
Score Distribution
Percent of People with Each Score
Percentile by Number Answered
Your Score History
You have not taken this quiz